000 00357nam a22001337a 4500
005 20260115102724.0
008 260114b |||||||| |||| 00| 0 eng d
020 _a9789390780716
100 _aRekha
245 _aTheories of Crime and Hacking
_c/Rekha
260 _aNew Delhi:
_bRandom Publications;
_c2022.
300 _cviii,311p.
_a24cm.
942 _2lcc
_cBK
_n0
999 _c112
_d112